000 00193 a2200097 4500
001 26087
100 _aAdil A
245 _aElements of economics
260 _a
_bNBF
_c
090 _c17647
_d17647
942 _aNUST-CAE
_cM
_c8499
999 _c261160
_d261160